000
00303nam a22001337a 4500
008
181031b xxu||||| |||| 00| 0 eng d
020
_a
0314852158
041
_a
eng
080
_a
370
100
_a
45
101
_a
EDU
245
_a
Reading Enhacement And Development
_c
Holt.R
942
_2
udc
_c
BK
999
_c
51359
_d
51359